000 00746nam a2200265Ia 4500
003 OSt
005 20221007100910.0
006 a|||||r|||| 00| 0
007 ta
008 221006b |||||||| |||| 00| 0 eng d
024 _a5,401
037 _cTextual
040 _aLCO
_cLCO
_beng
041 _2eng
_aeng
082 _aX8(A):979CqN47, K7
100 _aPatel V.B
_9682887
245 0 _aCommentary on the Industrial Disputes Act, 1947
250 _a2nd
260 _aBombay
_bN.M.Tripathi Private Limited India
_c1967
300 _aVarious
650 _aINDUSTRIAL DISPUTES
_9425134
700 _a Patel B.M
_9396064
942 _hX8(A):979CqN47, K7
_cTEXL
999 _c1174964
_d1174964